00323nam a2200133Ia 4500008004100000041000800041082001200049100001900061245002200080250001400102260003500116300003100151365000700182240624s9999 xx 000 0 und d aeng a658 CER aCERTO SAMUEL C aMODERN MANAGEMENT a(9th ed.) c2002aNew DelhibPrentice-Hall axxv, : 594 : p. : cm. ; 28 cRS